|
|
|
|
| LEADER |
00000ny a22000003n 4500 |
| 005 |
20110617133128.0 |
| 008 |
960213s1988 sp 000 spa d |
| 017 |
|
|
|a Z1637-88
|
| 020 |
|
|
|a 8476980469
|
| 035 |
|
|
|a 1204
|
| 040 |
|
|
|a UCM.EMP
|d vLex
|
| 040 |
|
|
|a UMA.RE
|d vLex
|
| 080 |
|
|
|a 347.72(460)(0.034)
|
| 090 |
|
|
|c 823
|d 823
|
| 100 |
1 |
|
|a Alonso Espinosa, Francisco Još
|
| 245 |
1 |
0 |
|a Asociacin̤ y derechos de los obligacionistas
|h [Recurso electrn̤ico]
|c Francisco Jos ̌Alonso Espinosa
|
| 256 |
|
|
|a Servicio en ln̕ea
|
| 260 |
|
|
|a Barcelona :
|b Bosch,
|c 1988
|
| 300 |
|
|
|a 431 p. ;
|c 24 cm
|
| 504 |
|
|
|a Bibliogr.: p. 407-421
|
| 506 |
1 |
|
|a Contenido solo disponible en los productos indicados
|d vLex Global
|d vLex Global (Academic Edition, excluding Law Schools)
|d vLex Global (U.S. Academic Edition, Law Schools)
|d vLex Global (U.S. Academic Edition, excluding Law Schools)
|d vLex Global (Academic Edition, Law Schools)
|
| 650 |
0 |
7 |
|a Asociacin̤
|2 Tesauro vLex
|
| 650 |
0 |
7 |
|a Civil
|2 Tesauro vLex
|
| 650 |
0 |
7 |
|a Obligaciones
|2 Tesauro vLex
|
| 650 |
0 |
7 |
|a Asociaciones
|2 Tesauro vLex
|
| 740 |
0 |
|
|a vLex Libros (Servicios en ln̕ea)
|
| 856 |
4 |
0 |
|u http://vlex.com/source/1204
|z Acceso restringido
|
| 942 |
|
|
|c BOOK
|